| 000 | 00741cam a2200205 a 4500 | ||
|---|---|---|---|
| 001 | 000018269 | ||
| 005 | 20200929165429.0 | ||
| 008 | 790122s1978 ve s000 0 spa | ||
| 035 | _a(DLC) 78109939 | ||
| 040 |
_aDO-SdBNP _bspa _cDLC _dDLC _dBNPHU |
||
| 082 |
_aNN _bB198t |
||
| 100 | 1 |
_aBalza Donatti, Camilo, _d1927- _939566 |
|
| 245 | 1 | 3 |
_aEl tránsito atormentado de Elías Sánchez Rubio / _cCamilo Balza Donatii. |
| 260 |
_a[Maracaibo] : _bGobernación del Estado Zulia ; _bInstituto Zuliano de la Cultura Andrés Eloy Blanco, _c[1978]. |
||
| 300 |
_a71 p. ; _c23 cm. |
||
| 600 | 2 | 0 |
_aSánchez Rubio, Elías. _939567 |
| 650 | 0 |
_aAuthors, venezuelan _y20th century _xBiography. _939568 |
|
| 910 | _aCatalogación derivada | ||
| 049 | _aBNGR | ||
| 999 |
_c17790 _d17790 |
||